Debu-debu di kaca

Bibliographic Details
Main Author: ZAINAL Buang Hussein
Format: Book
Published: Kuala Lumpur : Creative Enterprise , 1993
Subjects:

MARC

LEADER 00000cam a2200000 7i4500
001 0000003579
002 000003852
005 20011227.0
020 |a 9838931004 
090 0 0 |a F   |b ZAI 
100 0 |a ZAINAL Buang Hussein 
245 1 0 |a Debu-debu di kaca   |c Zainal Buang Hussein 
260 |a Kuala Lumpur :   |b Creative Enterprise ,   |c 1993 
300 |a 142p. ;   |c 17cm. 
650 0 0 |a Malay fiction 
999 |a 031779   |b BUKU   |c YOUTH FICTION   |e PERPUSTAKAAN KOMUNITI PETALING JAYA 
999 |a 031780   |b BUKU   |c YOUTH FICTION   |e PERPUSTAKAAN KOMUNITI PETALING JAYA 
999 |a 031781   |b BUKU   |c YOUTH FICTION   |e PERPUSTAKAAN KOMUNITI PETALING JAYA